000 01735nam a2200529 i 4500
001 24728
003 KOSZ 005
005 20250722063905.0
008 980702s1996 pl a f |000 0 pol
015 _aUWD 1996/8938
020 _a8301120177
035 _a991004162659705066
035 _a(PL-WaBN)b11104351-48omnis_nlop
035 _ab11104351
035 _a(OCoLC)749213124
035 _a(PL)b0000001110435
035 _a(EXLNZ-48OMNIS_NETWORK)9910196016205606
040 _aWA N
_cWA N
_dKOSZ 005/EC
041 _apol
046 _k1996
080 _a658.1/.5
080 _a339.13
080 _a(075.8)
100 1 _aNiestrój, Roman
_d(1944- )
_eAutor
245 1 0 _aZarządzanie marketingiem :
_baspekty strategiczne /
_cRoman Niestrój ; Fundacja Edukacyjna Przedsiębiorczości.
260 _aWarszawa ;
_aKraków :
_bWydaw. Naukowe PWN. Oddział,
_c1996.
300 _a219, [4] s. :
_bwykr. ;
_c21 cm.
336 _aTekst
_btxt
_2rdacontent
337 _aBez urządzenia pośredniczącego
_bn
_2rdamedia
338 _aWolumin
_bnc
_2rdacarrier
380 _aKsiążki
380 _aPublikacje fachowe
388 _a1901-2000
388 _a1989-2000
490 1 _aPrzedsiębiorczość
504 _aBibliogr. s. 213-215.
650 7 _aMarketing
_2DBN
650 7 _aPrzedsiębiorstwo
_2DBN
650 7 _aZarządzanie
_2DBN
655 7 _aPodręczniki akademickie
_2DBN
658 _aZarządzanie i marketing
710 2 _aWydawnictwo Naukowe PWN
_4pbl
830 0 _aPrzedsiębiorczość (PWN)
856 _uhttp://koha.tu.koszalin.pl/cgi-bin/koha/opac-detail.pl?biblionumber=24728
_yKatalog online BPK
942 _2UKD
_cKS
999 _c24728
_d24728